| 000 | 00631nam a2200205 a 4500 | ||
|---|---|---|---|
| 001 | 246 | ||
| 003 | CDMR | ||
| 005 | 20151026104202.0 | ||
| 008 | 130130s1978||||||||||||||||||||||||||||d | ||
| 020 | _a8431305401 | ||
| 040 |
_aCDMR _bcat _cCDMR |
||
| 100 | 1 |
_aLópez-Escobar, Esteban _9157 |
|
| 245 | 1 | 0 |
_aAnálisis del "nuevo orden" internacional de la información _cEsteban Lopez-Escobar |
| 260 |
_aPamplona _c1978 _bEdiciones Universidad de Navarra |
||
| 300 | _a480 p. | ||
| 490 | 0 | _aCiencias de la Información (EUNSA) | |
| 650 | 0 | 4 |
_92190 _aComunicació internacional |
| 650 | 0 | 4 |
_91890 _aAgències de notícies |
| 942 |
_cMON _2ddc |
||
| 999 |
_c246 _d246 |
||